Statistics for Biggest Cities of the Middle East under the Roman Empire with a Map

Click here to take the quiz!

General Stats

  • This quiz has been taken 240 times
  • The average score is 24 of 99

Answers on the Map

Answers color-coded by a green-red scale on the quiz's map according to % correct below.
 

Answer Stats

PopulationCities% Correct
400kAlexandria
93%
85kAlexandria Troas
(Dalyan)
93%
35kByzantium
(Istanbul)
90%
28kDamascus
82%
48kSmyrna
(İzmir)
77%
24kAncyra
(Ankara)
71%
30kBeroea
(Aleppo)
71%
200kAntiochia ad Orontem
(Antakya)
69%
50kBerytus
(Beirut)
69%
125kMemphis
(Mit Rahina)
65%
55kBabylon
(Hillah)
64%
13kTyrus
(Tyre)
58%
10kTrapezus
(Trabzon)
56%
11kSidon
43%
28kSyene
(Aswan)
41%
70kEphesus
(Selçuk)
40%
34kNicomedia
(İzmit)
40%
10kPetra
40%
100kCtesiphon
(Salman Pak)
39%
10kAila
(Aqaba)
38%
125kCaesarea Maritima
(Caesarea)
38%
55kLaodicea ad Mare
(Latakia)
36%
20kPtolemais in Phoenicia
(Acre)
35%
41kHalicarnassus
(Bodrum)
34%
25kPalmyra
(Tadmur)
34%
70kEdessa
(Şanlıurfa)
32%
225kSeleucia ad Tigrim
32%
25kSeleucia Pieria
(Çevlik)
32%
11kSinope
(Sinop)
31%
23kNicaea
(İznik)
30%
12kKition
(Larnaca)
29%
11kPerga
(Aksu)
29%
20kPaphus
(Paphos)
27%
55kPergamum
(Bergama)
27%
10kSusa
(Shush)
26%
45kArsinoe
(Faiyum)
25%
14kHeliopolis in Syria
(Baalbek)
23%
19kMiletus
(Balat)
21%
17kHeliopolis
(Ain Shams)
19%
10kPhiladelphia
(Alaşehir)
18%
34kSardis
(Sart)
18%
10kPerinthus
(Marmara Ereğlisi)
16%
16kSalamis
(Agios Sergios)
16%
37kAntinoöpolis
(Minya)
15%
10kBostra
(Bosra)
15%
21kLaodicea ad Lycum
(Eskihisar)
15%
26kBubastis
(Zagazig)
14%
17kCyzicus
(Erdek)
14%
14kHeraclea Pontica
(Karadeniz Ereğli)
14%
125kPtolemais Hermiou
(El Mansha)
14%
16kGerasa
(Jerash)
13%
37kHermopolis Magna
(Tell el-Ashmunein)
13%
23kNeapolis
(Nablus)
13%
28kHeracleopolis Magna
(Ihnasiya)
12%
10kHeracleopolis Parva
(Tell Belim)
12%
14kHierapolis
(Pamukkale)
12%
30kOxyrhynchus
(Al-Bahnasa)
12%
33kTanis
(Tell Abu Seifa)
12%
30kAmastris
(Amasra)
11%
34kAnazarbus
(Dilekkaya)
11%
65kApamea
(Qalaat al-Madiq)
11%
13kApamea Cibotus
(Dinar)
11%
25kHibis
(Kharga)
11%
16kMagnesia ad Maeandrum
(Tekin)
11%
20kMyra
(Demre)
11%
65kNisibis
(Nusaybin)
11%
31kSamosata
(Samsat)
11%
31kScythopolis
(Beit She'an)
11%
11kSide
11%
13kTripolis ad Maeandrum
(Yenicekent)
11%
34kZeugma
(Belkıs)
11%
10kCharax Spasinu
(Al-Bubsairy)
10%
10kCnidus
(Yazıköy)
10%
30kHatra
10%
10kTelmessus
(Fethiye)
10%
10kAnemurium
(Anamur)
9%
24kClazomenae
(Urla)
9%
10kAmorium
(Hisarköy)
8%
16kAphrodisias
(Geyre)
8%
27kAphroditopolis
(Atfih)
8%
30kErythrae
(Ildır)
8%
14kSebaste
(Sebastia)
8%
35kAthribis
(Tell Atrib)
7%
14kDiospolis Inferior
(Tell el-Balamun)
7%
13kLeontopolis
(Kafr al-Muqdam)
7%
14kMyndus
(Gümüşlük)
7%
10kMyrina
(Aliağa)
7%
15kPhilippopolis in Arabia
(Shahba)
7%
14kTeus
(Sığacık)
7%
13kAbila Decapoleus
(Harta)
6%
12kAlabanda
(Doğanyurt)
6%
11kAmathus
(Agios Tykhonas)
6%
17kAnthedon
(Tell Blakhiyah)
6%
13kCyrrhus
6%
12kIsaura Vetus
(Ulupınar)
6%
10kSelge
(Altınkaya)
6%
10kSepphoris
(Tzippori)
6%
10kTebtunis
(Tutun)
6%
17kThmuis
(Timay al-Imdid)
6%

Score Distribution

Percentile by Number Answered

Percent of People with Each Score

Your Score History

You have not taken this quiz